<?xml version="1.0" encoding="UTF-8"?>
<record
    xmlns:xsi="http://www.w3.org/2001/XMLSchema-instance"
    xsi:schemaLocation="http://www.loc.gov/MARC21/slim http://www.loc.gov/standards/marcxml/schema/MARC21slim.xsd"
    xmlns="http://www.loc.gov/MARC21/slim">

  <leader>00801nam a2200229   4500</leader>
  <controlfield tag="001"> 85138</controlfield>
  <controlfield tag="003">BD-RjUL</controlfield>
  <controlfield tag="005">20250708114452.0</controlfield>
  <controlfield tag="008">250708s1959    pk ||||| |||| 00| 0 urd d</controlfield>
  <datafield tag="035" ind1=" " ind2=" ">
    <subfield code="a">(BD-RjUL) 85138</subfield>
  </datafield>
  <datafield tag="040" ind1=" " ind2=" ">
    <subfield code="a">BD-RjUL</subfield>
    <subfield code="b">eng</subfield>
    <subfield code="c">BD-RjUL</subfield>
  </datafield>
  <datafield tag="041" ind1=" " ind2=" ">
    <subfield code="a">eng</subfield>
  </datafield>
  <datafield tag="082" ind1=" " ind2=" ">
    <subfield code="2">23</subfield>
    <subfield code="a">297.4095491</subfield>
    <subfield code="b">QUS 1959</subfield>
  </datafield>
  <datafield tag="100" ind1="1" ind2="0">
    <subfield code="a">&#x642;&#x62F;&#x648;&#x633;&#x6CC;&#x60C;  &#x627;&#x639;&#x62C;&#x627;&#x632; &#x627;&#x644;&#x62D;&#x642; ;; Qudsoosi, Ijazul Haq</subfield>
    <subfield code="9">15916</subfield>
  </datafield>
  <datafield tag="245" ind1="1" ind2="0">
    <subfield code="a">&#x62A;&#x630;&#x6A9;&#x631;&#x6C1; &#x635;&#x648;&#x641;&#x6CC;&#x627;&#x626;&#x6D2; &#x633;&#x646;&#x62F;&#x6BE; ;; tazkarah sufiyaye sandh /</subfield>
    <subfield code="c">&#x627;&#x639;&#x62C;&#x627;&#x632; &#x627;&#x644;&#x62D;&#x642; &#x642;&#x62F;&#x648;&#x633;&#x6CC; ;; Ijazul Haq Qudsoosi</subfield>
  </datafield>
  <datafield tag="260" ind1=" " ind2=" ">
    <subfield code="a">:  &#x6A9;&#x631;&#x627;&#x686;&#x6CC;</subfield>
    <subfield code="b">,&#x627;&#x631;&#x62F;&#x648; &#x627;&#x6A9;&#x6CC;&#x688;&#x645;&#x6CC; &#x633;&#x646;&#x62F;&#x6BE; &#x6A9;&#x631;&#x627;&#x686;&#x6CC;</subfield>
    <subfield code="c">1959</subfield>
  </datafield>
  <datafield tag="300" ind1=" " ind2=" ">
    <subfield code="a">335 p. ;</subfield>
    <subfield code="c">22 cm</subfield>
  </datafield>
  <datafield tag="650" ind1=" " ind2=" ">
    <subfield code="a">Sufism, Saints of Sindh,</subfield>
    <subfield code="9">15917</subfield>
  </datafield>
  <datafield tag="650" ind1=" " ind2=" ">
    <subfield code="a"> Islamic Mysticism,</subfield>
    <subfield code="9">15918</subfield>
  </datafield>
  <datafield tag="650" ind1=" " ind2=" ">
    <subfield code="a">Biographies of Sufi Saints</subfield>
    <subfield code="9">15919</subfield>
  </datafield>
  <datafield tag="942" ind1=" " ind2=" ">
    <subfield code="2">ddc</subfield>
    <subfield code="c">BK</subfield>
  </datafield>
  <datafield tag="999" ind1=" " ind2=" ">
    <subfield code="c">85138</subfield>
    <subfield code="d">85138</subfield>
  </datafield>
  <datafield tag="952" ind1=" " ind2=" ">
    <subfield code="0">0</subfield>
    <subfield code="1">0</subfield>
    <subfield code="2">ddc</subfield>
    <subfield code="4">0</subfield>
    <subfield code="7">1</subfield>
    <subfield code="8">NFIC</subfield>
    <subfield code="a">RUCL</subfield>
    <subfield code="b">RUCL</subfield>
    <subfield code="c">Reading</subfield>
    <subfield code="d">2025-07-08</subfield>
    <subfield code="l">0</subfield>
    <subfield code="o">U 297.4095491 QUS 1959</subfield>
    <subfield code="r">2025-07-08 00:00:00</subfield>
    <subfield code="t">C-1</subfield>
    <subfield code="w">2025-07-08</subfield>
    <subfield code="y">BK</subfield>
  </datafield>
</record>
